Les buteurs du Portugal au Championnat d'Europe de football 2012 - Statistiques

Statistiques générales
  • Ce quiz a été pris 40 fois
  • Le résultat moyen est 4 sur 6
Statistiques - réponses
Match Minute Buteur % Correct
Portugal - Pays-Bas 2-1 28' Cristiano Ronaldo
100%
Portugal - Pays-Bas 2:1 74' Cristiano Ronaldo
100%
République tchèque - Portugal 0-1 79' Cristiano Ronaldo
100%
Danemark - Portugal 2-3 24' Pepe
57%
Danemark - Portugal 2-3 36' Hélder Postiga
38%
Danemark - Portugal 2-3 87' Silvestre Varela
32%
Aucun quiz correspondant
Distribution des résultats
% des personnes avec chaque résultat
Percentile par nombre de réponses
Votre historique - résultats
Vous n’avez pas pris ce quiz